[Event "Ambalangoda Dhamso op 6th"]
[Site "Ambalangoda"]
[Date "2016.04.29"]
[Round "1"]
[White "De Silva, Himeshi"]
[Black "Sandeepa, H Niruksha Akshith"]
[Result "0-1"]
[WhiteElo "1370"]
[BlackElo "1851"]
[PlyCount "48"]
[EventDate "2016.04.29"]
[EventType "swiss"]
[EventRounds "9"]
[EventCountry "SRI"]
[SourceTitle "EXT 2017"]
[Source "ChessBase"]
[SourceDate "2016.10.25"]
[SourceVersion "1"]
[SourceVersionDate "2016.10.25"]
[SourceQuality "1"]

1. e4 e5 2. Nc3 Bc5 3. Bc4 c6 4. Nf3 d6 5. 0-0 Nf6 6. d3 h6 7. Bf4 exf4 8. Qd2 g5 9. Rae1 0-0 10. a3 Nbd7 11. b3 Ne5 12. Nd4 Bxd4 13. Ne2 f3 14. gxf3 Nxf3+ 15. Kh1 Nxd2 16. Rg1 Bxf2 17. Rg2 Bxe1 18. c3 Bh3 19. d4 Qd7 20. Rg1 Nfxe4 21. Rxe1 Nf2+ 22. Kg1 Qg4+ 23. Kxf2 Qf3+ 24. Kg1 Qg2# 0-1

[Event "WUCC op (Women) 11th"]
[Site "Zuerich"]
[Date "2010.09.11"]
[Round "9"]
[White "Liyanagedara, LGA"]
[Black "De Silva, Himeshi"]
[Result "1-0"]
[WhiteElo "1844"]
[BlackElo "1908"]
[PlyCount "101"]
[EventDate "2010.09.05"]
[EventType "swiss"]
[EventRounds "9"]
[EventCountry "SUI"]
[SourceTitle "CBM 138 Extra"]
[Source "ChessBase"]
[SourceDate "2010.10.29"]
[SourceVersion "1"]
[SourceVersionDate "2010.10.29"]
[SourceQuality "1"]

1. d4 Nf6 2. Nf3 g6 3. Bg5 Bg7 4. Nbd2 d5 5. e3 Nbd7 6. Bd3 c5 7. c3 0-0 8. 0-0 Nh5 9. Be2 Nhf6 10. Bd3 Qc7 11. Bf4 Qb6 12. Rb1 Nh5 13. Be5 Nxe5 14. Nxe5 c4 15. Bc2 Qc7 16. f4 e6 17. g4 Nf6 18. Rf3 Nd7 19. g5 f6 20. gxf6 Nxf6 21. Rh3 Rd8 22. Qf3 Bd7 23. Qg2 Be8 24. Ndf3 Bh8 25. Ng5 Rd6 26. Kh1 Qg7 27. Rg1 Rc8 28. Ngf3 Ra6 29. a3 Rb6 30. Bb1 Rd6 31. Ng4 Rd7 32. Nfe5 Re7 33. Nxf6+ Qxf6 34. Qg4 Rcc7 35. Rhg3 Rg7 36. Qh3 Rce7 37. Ng4 Qf5 38. Bxf5 exf5 39. Ne5 a6 40. Qg2 Bc6 41. h4 Re6 42. h5 Rd6 43. hxg6 Kf8 44. Qh2 Ke7 45. gxh7 Kd8 46. Rxg7 Bxg7 47. Rxg7 b5 48. h8Q+ Be8 49. Q2h4+ Rf6 50. Qxf6+ Kc8 51. Qxe8# 1-0

[Event "WUCC op (Women) 11th"]
[Site "Zuerich"]
[Date "2010.09.10"]
[Round "8"]
[White "Dale, Hannah"]
[Black "De Silva, Himeshi"]
[Result "1-0"]
[WhiteElo "1779"]
[BlackElo "1908"]
[PlyCount "65"]
[EventDate "2010.09.05"]
[EventType "swiss"]
[EventRounds "9"]
[EventCountry "SUI"]
[SourceTitle "CBM 138 Extra"]
[Source "ChessBase"]
[SourceDate "2010.10.29"]
[SourceVersion "1"]
[SourceVersionDate "2010.10.29"]
[SourceQuality "1"]

1. c4 Nf6 2. Nc3 g6 3. g3 Bg7 4. Bg2 d6 5. d4 Nc6 6. e4 e5 7. d5 Ne7 8. f4 Nd7 9. Nge2 b6 10. Qc2 Bb7 11. 0-0 0-0 12. f5 Rc8 13. Bh3 Rb8 14. Bg5 Nf6 15. fxg6 fxg6 16. Be6+ Kh8 17. Rf2 Neg8 18. Raf1 Nh6 19. Qd2 Nhg8 20. Bxg8 Kxg8 21. Bh6 Rf7 22. Bxg7 Kxg7 23. g4 h6 24. g5 hxg5 25. Qxg5 Bc8 26. Ng3 Bh3 27. Rxf6 Rxf6 28. Rxf6 Qe8 29. Nf5+ Bxf5 30. exf5 e4 31. Rxg6+ Kf8 32. Rg8+ Kf7 33. Qg7# 1-0

[Event "WUCC op (Women) 11th"]
[Site "Zuerich"]
[Date "2010.09.08"]
[Round "6"]
[White "De Silva, Himeshi"]
[Black "Naydenova, Yordanka"]
[Result "0-1"]
[WhiteElo "1908"]
[BlackElo "1924"]
[PlyCount "70"]
[EventDate "2010.09.05"]
[EventType "swiss"]
[EventRounds "9"]
[EventCountry "SUI"]
[SourceTitle "CBM 138 Extra"]
[Source "ChessBase"]
[SourceDate "2010.10.29"]
[SourceVersion "1"]
[SourceVersionDate "2010.10.29"]
[SourceQuality "1"]

1. e4 e5 2. Nf3 Nc6 3. Nc3 Nf6 4. Bb5 Bb4 5. 0-0 0-0 6. d3 d6 7. Bg5 Be6 8. Bxc6 bxc6 9. d4 exd4 10. Nxd4 Bxc3 11. bxc3 Bc4 12. Re1 c5 13. Nf5 h6 14. Bh4 Kh7 15. f4 Rg8 16. Qf3 g5 17. fxg5 hxg5 18. Bf2 g4 19. Qf4 Rg6 20. e5 Be6 21. exf6 Qxf6 22. Qe4 d5 23. Qe5 Qxf5 24. Qxc7 Rc8 25. Qxa7 d4 26. cxd4 cxd4 27. Bxd4 Rxc2 28. Re5 Qd3 29. Be3 Rxg2+ 30. Kxg2 Qe2+ 31. Kg1 g3 32. Rh5+ Qxh5 33. hxg3 Rxg3+ 34. Kf1 Bc4+ 35. Ke1 Qe2# 0-1